<?xml version="1.0" encoding="UTF-8"?><?xml-stylesheet type="text/xsl" href="static/style.xsl"?><OAI-PMH xmlns="http://www.openarchives.org/OAI/2.0/" xmlns:xsi="http://www.w3.org/2001/XMLSchema-instance" xsi:schemaLocation="http://www.openarchives.org/OAI/2.0/ http://www.openarchives.org/OAI/2.0/OAI-PMH.xsd"><responseDate>2026-04-13T04:11:39Z</responseDate><request verb="GetRecord" identifier="oai:www.recercat.cat:10459.1/58600" metadataPrefix="marc">https://recercat.cat/oai/request</request><GetRecord><record><header><identifier>oai:recercat.cat:10459.1/58600</identifier><datestamp>2024-12-05T21:53:57Z</datestamp><setSpec>com_2072_3622</setSpec><setSpec>col_2072_479130</setSpec></header><metadata><record xmlns="http://www.loc.gov/MARC21/slim" xmlns:dcterms="http://purl.org/dc/terms/" xmlns:xsi="http://www.w3.org/2001/XMLSchema-instance" xmlns:doc="http://www.lyncode.com/xoai" xsi:schemaLocation="http://www.loc.gov/MARC21/slim http://www.loc.gov/standards/marcxml/schema/MARC21slim.xsd">
   <leader>00925njm 22002777a 4500</leader>
   <datafield ind2=" " ind1=" " tag="042">
      <subfield code="a">dc</subfield>
   </datafield>
   <datafield ind2=" " ind1=" " tag="720">
      <subfield code="a">Falceto Macarulla, Balbina</subfield>
      <subfield code="e">author</subfield>
   </datafield>
   <datafield ind2=" " ind1=" " tag="720">
      <subfield code="a">Coiduras Rodríguez, Jordi L.</subfield>
      <subfield code="e">author</subfield>
   </datafield>
   <datafield ind2=" " ind1=" " tag="720">
      <subfield code="a">Rovira Sanz, Georgina</subfield>
      <subfield code="e">author</subfield>
   </datafield>
   <datafield ind2=" " ind1=" " tag="260">
      <subfield code="c">2016-11-22T12:04:55Z</subfield>
   </datafield>
   <datafield ind2=" " ind1=" " tag="260">
      <subfield code="c">2016-11-22T12:04:55Z</subfield>
   </datafield>
   <datafield ind2=" " ind1=" " tag="260">
      <subfield code="c">2016</subfield>
   </datafield>
   <datafield ind2=" " ind1=" " tag="520">
      <subfield code="a">En este texto se expone el proceso de construcción de una herramienta de análisis de&#xd;
actividades con el uso de dispositivos móviles en Educación Primaria. El principal objetivo&#xd;
es seleccionar, definir y clasificar indicadores competenciales que permitan el estudio de las&#xd;
actividades con aplicaciones. La metodología seguida es mixta, combinando procesos&#xd;
cualitativos y cuantitativos. La búsqueda de referentes teóricos sobre tecnología educativa&#xd;
y competencias, la observación participante en un contexto con alumnos y la aportación del&#xd;
juicio de expertos permiten la creación de una herramienta para analizar el diseño de la&#xd;
actividad, la actuación de los alumnos y sus producciones.&#xd;
Palabras clave: Análisis, competencia, herramienta, tecnología.</subfield>
   </datafield>
   <datafield ind2=" " ind1=" " tag="520">
      <subfield code="a">The research is based on the creation of a tool for competence analysis of activities which use&#xd;
mobile devices in Primary Education. The main objective is selecting, defining and classifying&#xd;
competence indicators for the activity analysis. The methodology to get this aim is based on&#xd;
qualitative and quantitative methods. The search for theoretical framework on educational&#xd;
technology and skills, combined with participant observation in a context with students and&#xd;
the contributions of expert's opinion, allows the creation of a tool to analyze the design of the&#xd;
activity, the performance of students and their productions.&#xd;
Keywords: Analysis, competence, tool, technology</subfield>
   </datafield>
   <datafield ind1="8" ind2=" " tag="024">
      <subfield code="a">http://hdl.handle.net/10459.1/58600</subfield>
   </datafield>
   <datafield tag="653" ind2=" " ind1=" ">
      <subfield code="a">Análisis</subfield>
   </datafield>
   <datafield tag="653" ind2=" " ind1=" ">
      <subfield code="a">Competencia</subfield>
   </datafield>
   <datafield tag="653" ind2=" " ind1=" ">
      <subfield code="a">Herramienta</subfield>
   </datafield>
   <datafield tag="653" ind2=" " ind1=" ">
      <subfield code="a">Tecnología</subfield>
   </datafield>
   <datafield tag="653" ind2=" " ind1=" ">
      <subfield code="a">Analysis</subfield>
   </datafield>
   <datafield tag="653" ind2=" " ind1=" ">
      <subfield code="a">Competence</subfield>
   </datafield>
   <datafield tag="653" ind2=" " ind1=" ">
      <subfield code="a">Tool</subfield>
   </datafield>
   <datafield tag="653" ind2=" " ind1=" ">
      <subfield code="a">Technology</subfield>
   </datafield>
   <datafield ind2="0" ind1="0" tag="245">
      <subfield code="a">La creación de una herramienta competencial para analizar actividades basadas en el mlearning en la Educación Primaria</subfield>
   </datafield>
   <datafield ind2="0" ind1="0" tag="245">
      <subfield code="a">The creation of a competencial tool to  analyze mlearning activities in primary education</subfield>
   </datafield>
</record></metadata></record></GetRecord></OAI-PMH>